000 00531nam a2200205Ia 4500
003 GCL
008 140319s9999 xx 000 0 eng d
040 _aGCL /
_cGCL
082 0 4 _a843
_bT J
100 1 _aTROTSKY, LEON
245 1 0 _aJOURNAL D'EXIL /
_cTROTSKY, LEON
260 _a[S.N] :
_bFOLIO ،
_c1977
300 _a220 P
490 _aCOLLECTION FOLIO
_v0
650 0 4 _aLITERATURE
650 0 4 _aRUSSIA - POLITICAL SITUATION
650 0 4 _aFRANCE - POLITICAL SITUATION
650 0 4 _aFRENCH LITERATURE
942 _2ddc
_cBK
999 _c21980
_d21980